000 00654nam 22002053 4500
001 201104
010 _a2-85229-703-5
021 _aFR
_boctobre 1992
090 _a201104
100 _a20260310d u||y0pory50 ba
200 _aAlmanach du cinéma
_fPhilippe d'Hugues
210 _a[França]
_cEncyclopaedia Universalis
_dimp. 1992
215 _a2 vols.
_cil. ; encadernado
_d22 cm
327 _a1º vol. : Des origines à 1945. - 295 p. 2º vol. : De 1946 à nos jours. - 358. [3] p.
606 _916666
_aCinema. Filmes
675 _a791
_vFR
_zfre
700 _916747
_ad'Hugues
_bPhilippe
_f1931-
801 _aPT
_bBMMN
_gRPC
830 _cVanda
990 _cLIVROS